MARC

LEADER 00000nam0a2200000 4500
001 325504
005 20231102003753.0
035 |a (RuTPU)RU\TPU\book\351118 
090 |a 325504 
100 |a 20161207d1974 km y0rusy50 ca 
101 0 |a rus 
102 |a RU 
105 |a a z 000zy 
200 1 |a Современная классовая структура США  |f А. Н. Мельников 
210 |a Москва  |c Мысль  |d 1974 
215 |a 301 с.  |c черт. 
606 1 |a Классовая борьба в США  |2 stltpush  |3 (RuTPU)RU\TPU\subj\14480  |9 40860 
610 1 |a общество 
610 1 |a классовая структура 
610 1 |a буржуазные концепции 
610 1 |a рабочий класс 
610 1 |a рабочее движение 
610 1 |a сельское население 
610 1 |a городские слои 
610 1 |a интеллигенция 
610 1 |a буржуазия 
686 |a Ф3(7США)6  |v LBC/SL-A  |2 rubbk 
700 1 |a Мельников  |b А. Н.  |g Анатолий Николаевич 
801 1 |a RU  |b 63413507  |c 20161207 
801 2 |a RU  |b 63413507  |c 20161209  |g RCR 
942 |c BK